Les dents de lait - Quand tombent-elles ? - Statistiques

Statistiques générales
  • Ce quiz a été pris 44 fois
  • Le résultat moyen est 2 sur 10
Statistiques - réponses
Hint Réponse % Correct
Incisives centrales supérieures vers 6/7 ans
33%
Incisives centrales inférieures entre 5 et 7 ans
30%
Incisives latérales inférieures entre 7 et 9 ans
30%
Seconde molaires inférieures entre 10 et 12 ans
26%
Seconde molaires supérieures vers 11/12 ans
21%
1ères molaires supérieures vers 10/11 ans
19%
1ères molaires inférieures entre 9 et 11 ans
14%
Canines supérieures vers 10/12 ans
14%
Incisives latérales supérieures vers 7/8 ans
14%
Canines inférieures entre 9 et 12 ans
9%
Aucun quiz correspondant
Distribution des résultats
% des personnes avec chaque résultat
Percentile par nombre de réponses
Votre historique - résultats
Vous n’avez pas pris ce quiz